| 000 | 00429cam a2200181ua 4500 | ||
|---|---|---|---|
| 020 | _c45.00 | ||
| 041 |
_aeng _h |
||
| 082 |
_a307.72 _bDES/RU |
||
| 100 | _aDesai, A.R . | ||
| 245 |
_aRural India in transition / _cA.R.Desai. _hTextual Documents |
||
| 250 |
_a2 / _b. |
||
| 260 |
_aMumbai : _bPopular Prakashan , _c1979. |
||
| 300 | _a179 ; . | ||
| 365 | _a45.00 | ||
| 504 | _a | ||
| 942 | _cBK | ||
| 999 |
_c2235 _d2235 |
||